Normal view
MARC view
Entry Personal Name
001 - CONTROL NUMBER
- control field: 264590
003 - CONTROL NUMBER IDENTIFIER
- control field: OSt
005 - DATE AND TIME OF LATEST TRANSACTION
- control field: 20260526121056.0
008 - FIXED-LENGTH DATA ELEMENTS
- fixed length control field: 260526|| aca||aabn | a|a d
040 ## - CATALOGING SOURCE
- Original cataloging agency: OSt
- Transcribing agency: OSt
100 ## - HEADING--PERSONAL NAME
- Personal name: D R Baluragi
- Dates associated with a name: ದ.ರಾ. ಬಳೂರಗಿ. tr
670 ## - SOURCE DATA FOUND
- Source citation: Work cat.: (OSt)99458: GIJUBHAI BADHEKA. ಗಿಜುಭಾಯಿ ಬಧೇಕಾ 264587, Hagaluganasu., 1995